000 00872cam a22003013a 4500
001 27690
003 PGUSA
005 20140828083611.0
008 090103s2009||||xxu|||||s|||||000 1 eng d
040 _aPGUSA
_beng
042 _adc
050 4 _aPQ
050 4 _aPZ
100 1 _aMalot, Hector,
_d1830-1907
245 1 0 _aNobody's Girl :
_b(En Famille)
_h[electronic resource] /
_cHector Malot
260 _bProject Gutenberg,
_c2009
506 _aPublic domain in the USA.
516 _aElectronic text
653 _aAdventure and adventurers -- Fiction
653 _aOrphans -- Fiction
653 _aGrandfathers -- Fiction
653 _aFrance -- History -- 19th century -- Fiction
700 1 _aCrewe-Jones, Florence
700 1 _aGooch, Thelma
830 0 _aProject Gutenberg
_v27690
856 4 0 _uhttp://www.gutenberg.org/ebooks/27690
942 _cEB
999 _c256945
_d256945